[Event "RUS GP Top 28 Rapid (Women)"]
[Site "Khanty-Mansiysk"]
[Date "2022.12.03"]
[Round "10"]
[White "Borisova, Ekaterina"]
[Black "Vasilevich, Irina"]
[Result "1-0"]
[WhiteElo "2223"]
[BlackElo "2247"]
[PlyCount "53"]
[EventDate "2022.12.01"]
[EventType "tourn (rapid)"]
[EventRounds "13"]
[EventCountry "RUS"]
[SourceTitle "CBM 211 Extra"]
[Source "ChessBase"]
[SourceDate "2023.01.31"]
[SourceVersion "1"]
[SourceVersionDate "2023.01.31"]
[SourceQuality "1"]

1. d4 b6 2. e4 Bb7 3. Bd3 e6 4. c4 Bb4+ 5. Nc3 f5 6. f3 fxe4 7. fxe4 Bxc3+ 8. bxc3 Bxe4 9. Qh5+ g6 10. Qe5 Bxg2 11. Bg5 Nc6 12. Qg3 Nge7 13. Qxg2 0-0 14. Ne2 e5 15. d5 Na5 16. h4 Qe8 17. h5 Nf5 18. Ng3 Nxg3 19. Qxg3 e4 20. Be2 Rf3 21. Qh2 Rf5 22. hxg6 Qxg6 23. Be3 Qf7 24. Rg1+ Kf8 25. Qh6+ Ke8 26. Rg7 Qf6 27. Rg8+ 1-0

[Event "RUS GP Top 28 Rapid (Women)"]
[Site "Khanty-Mansiysk"]
[Date "2022.12.02"]
[Round "6"]
[White "Vasilevich, Irina"]
[Black "Smirnova, Ekaterina"]
[Result "1/2-1/2"]
[WhiteElo "2247"]
[BlackElo "2188"]
[PlyCount "98"]
[EventDate "2022.12.01"]
[EventType "tourn (rapid)"]
[EventRounds "13"]
[EventCountry "RUS"]
[SourceTitle "CBM 211 Extra"]
[Source "ChessBase"]
[SourceDate "2023.01.31"]
[SourceVersion "1"]
[SourceVersionDate "2023.01.31"]
[SourceQuality "1"]

1. c4 c6 2. b3 d5 3. Bb2 Nf6 4. e3 Bf5 5. Nf3 e6 6. Be2 h6 7. 0-0 Be7 8. Nc3 0-0 9. Rc1 Nbd7 10. cxd5 exd5 11. Nd4 Bh7 12. f4 c5 13. Nf3 d4 14. exd4 cxd4 15. Nxd4 Nc5 16. Na4 Nxa4 17. bxa4 Qb6 18. Qb3 Bc5 19. Rxc5 Qxc5 20. Kh1 Qb6 21. Nb5 Be4 22. Bd4 Qc6 23. Qg3 Rad8 24. Bc3 a6 25. Nd4 Qb6 26. a5 Qd6 27. Nf3 Rfe8 28. Ne5 Bd5 29. Nc4 Bxc4 30. Bxc4 Rc8 31. Bb3 Red8 32. Qg6 Rd7 33. Be5 Qd3 34. Bxf7+ Kh8 35. Qxd3 Rxd3 36. Rb1 Rxd2 37. h3 Ne4 38. Bg6 Nc5 39. Rc1 Rxa2 40. Bf5 Rc6 41. Rd1 Ne6 42. Rd7 Rxa5 43. Re7 Kg8 44. Bxe6+ Kf8 45. Rf7+ Ke8 46. Bb3 Rb5 47. Ba2 Ra5 48. Bb3 Rb5 49. Ba2 Ra5 1/2-1/2

[Event "RUS-chT (Women)"]
[Site "Sochi"]
[Date "2020.11.26"]
[Round "7.3"]
[White "Vasilevich, Irina"]
[Black "Idrisova, Roza"]
[Result "1-0"]
[WhiteElo "2258"]
[BlackElo "1960"]
[PlyCount "127"]
[EventDate "2020.11.19"]
[EventType "team-swiss"]
[EventRounds "9"]
[EventCountry "RUS"]
[SourceTitle "CBM 199 Extra"]
[Source "ChessBase"]
[SourceDate "2021.01.31"]
[SourceVersion "1"]
[SourceVersionDate "2021.01.31"]
[SourceQuality "1"]
[WhiteTeam "Achimgaz QNAO (W)"]
[BlackTeam "Bashkortostan Tolpar (W)"]
[WhiteTeamCountry "RUS"]
[BlackTeamCountry "RUS"]

1. e4 c6 2. d4 d5 3. Nd2 Nh6 4. Ngf3 g6 5. Bd3 Bg7 6. h3 dxe4 7. Nxe4 Nf5 8. c3 Nd6 9. Bf4 Nxe4 10. Bxe4 Nd7 11. 0-0 0-0 12. Qc2 Nf6 13. Bd3 Nd5 14. Bg3 a5 15. Ne5 Be6 16. Rfe1 Qc8 17. Rad1 c5 18. Be4 Rd8 19. Qe2 Nf6 20. dxc5 Nxe4 21. Rxd8+ Qxd8 22. Qxe4 Qd2 23. Re2 Qd1+ 24. Kh2 Bd5 25. Qe3 Bxa2 26. Rd2 Qa4 27. Rd4 Qe8 28. c4 f6 29. Nd7 e5 30. Rd6 Qf7 31. Nb6 Re8 32. Qd3 Bf8 33. Rd7 Re7 34. Rd8 Rc7 35. Nd7 Rxd7 36. Rxd7 Bxc4 37. Rxf7 Bxd3 38. Rxf6 Bg7 39. Rd6 Be4 40. Rd8+ Kf7 41. Rd7+ Kf8 42. Rd8+ Ke7 43. Ra8 Kd7 44. Rxa5 Kc6 45. b4 Bd3 46. Ra8 Be4 47. Rg8 Bf6 48. Rf8 Bg5 49. Bxe5 Bd2 50. Rd8 Be1 51. Rd4 Bd5 52. Bd6 b5 53. cxb6 Kxd6 54. b7 Kc7 55. Rxd5 Kxb7 56. Rd7+ Kc6 57. Rxh7 Bxb4 58. Rg7 Kd6 59. Rxg6+ Ke5 60. h4 Kf5 61. h5 Bc5 62. g4+ Kf4 63. h6 Bxf2 64. Rf6+ 1-0

[Event "RUS-chT (Women)"]
[Site "Sochi"]
[Date "2020.11.23"]
[Round "5.4"]
[White "Khokhlova, Daria"]
[Black "Vasilevich, Irina"]
[Result "1/2-1/2"]
[WhiteElo "2196"]
[BlackElo "2258"]
[PlyCount "81"]
[EventDate "2020.11.19"]
[EventType "team-swiss"]
[EventRounds "9"]
[EventCountry "RUS"]
[SourceTitle "CBM 199 Extra"]
[Source "ChessBase"]
[SourceDate "2021.01.31"]
[SourceVersion "1"]
[SourceVersionDate "2021.01.31"]
[SourceQuality "1"]
[WhiteTeam "Kursk Region Amazons (W)"]
[BlackTeam "Achimgaz QNAO (W)"]
[WhiteTeamCountry "RUS"]
[BlackTeamCountry "RUS"]

1. d4 b6 2. e4 Bb7 3. Bd3 e6 4. Nd2 g6 5. Ne2 Bg7 6. c3 Ne7 7. 0-0 0-0 8. Ng3 c5 9. Nf3 Nbc6 10. Bb1 d6 11. Be3 cxd4 12. cxd4 Rc8 13. Qe2 Rc7 14. a3 Qc8 15. Bd3 Re8 16. Rfd1 Qa8 17. Rac1 Rec8 18. Rc2 Nb8 19. Rxc7 Rxc7 20. Bf4 Rd7 21. Bb5 Bc6 22. Bxc6 Nbxc6 23. d5 exd5 24. exd5 Ne5 25. Nxe5 dxe5 26. Bxe5 Rxd5 27. Bxg7 Kxg7 28. Rxd5 Nxd5 29. Qe4 Qc6 30. h3 h5 31. Ne2 Qd7 32. Qe5+ Nf6 33. Nc3 Qc6 34. a4 a5 35. Qd4 Kh7 36. f3 Qe6 37. Kf2 Qc6 38. Kg1 Qe6 39. Kf2 Qc6 40. Kg1 Qe6 41. Kf2 1/2-1/2

[Event "RUS-chT (Women)"]
[Site "Sochi"]
[Date "2020.11.21"]
[Round "3.4"]
[White "Yurasova, Daria"]
[Black "Vasilevich, Irina"]
[Result "1-0"]
[WhiteElo "2075"]
[BlackElo "2258"]
[PlyCount "57"]
[EventDate "2020.11.19"]
[EventType "team-swiss"]
[EventRounds "9"]
[EventCountry "RUS"]
[SourceTitle "CBM 199 Extra"]
[Source "ChessBase"]
[SourceDate "2021.01.31"]
[SourceVersion "1"]
[SourceVersionDate "2021.01.31"]
[SourceQuality "1"]
[WhiteTeam "St Petersburg SHSH (W) II"]
[BlackTeam "Achimgaz QNAO (W)"]
[WhiteTeamCountry "RUS"]
[BlackTeamCountry "RUS"]

1. d4 b6 2. Nf3 Bb7 3. e3 e6 4. Bd3 Nf6 5. 0-0 Be7 6. c4 0-0 7. Nc3 d5 8. b3 c5 9. cxd5 exd5 10. Bb2 Nc6 11. dxc5 bxc5 12. Rc1 Qa5 13. Na4 Ne4 14. Ne5 Nxe5 15. Bxe5 Rad8 16. Qc2 Rfe8 17. b4 cxb4 18. Bc7 b3 19. Qxb3 Qb4 20. Qxb4 Bxb4 21. Bxd8 Rxd8 22. Rb1 a5 23. Bxe4 dxe4 24. a3 Bc6 25. axb4 Bxa4 26. bxa5 Kf8 27. a6 Ra8 28. Rb6 Ke7 29. Ra1 1-0

[Event "Moscow-ch rapid (Women)"]
[Site "Moscow"]
[Date "2020.11.07"]
[Round "5"]
[White "Vasilevich, Irina"]
[Black "Voit, Daria"]
[Result "0-1"]
[WhiteElo "2258"]
[BlackElo "2353"]
[PlyCount "66"]
[EventDate "2020.11.07"]
[EventType "swiss (rapid)"]
[EventRounds "9"]
[EventCountry "RUS"]
[SourceTitle "CBM 199 Extra"]
[Source "ChessBase"]
[SourceDate "2021.01.31"]
[SourceVersion "1"]
[SourceVersionDate "2021.01.31"]
[SourceQuality "1"]

1. c4 e5 2. Nc3 Nf6 3. g3 d5 4. cxd5 Nxd5 5. Bg2 Nb6 6. e3 Be7 7. Nge2 0-0 8. f4 f6 9. Qb3+ Kh8 10. 0-0 Nc6 11. fxe5 fxe5 12. Rxf8+ Qxf8 13. d3 Bg4 14. Bd2 Rd8 15. Rf1 Qg8 16. Qxg8+ Kxg8 17. Nc1 Nb4 18. Be4 c6 19. Kg2 Bg5 20. h3 Be6 21. h4 Bh6 22. a3 Nc2 23. Nd1 Nc4 24. dxc4 Rxd2+ 25. Rf2 Rxd1 26. Rxc2 Bxe3 27. Nd3 Bd4 28. Nf2 Re1 29. Bf3 Bf5 30. Rd2 Rc1 31. g4 Be6 32. b3 Rb1 33. Rd3 Rb2 0-1

[Event "Wch Blitz (Women)"]
[Site "St Petersburg"]
[Date "2018.12.30"]
[Round "15"]
[White "Vasilevich, Irina"]
[Black "Yurasova, Daria"]
[Result "1-0"]
[WhiteElo "2258"]
[BlackElo "2190"]
[PlyCount "82"]
[EventDate "2018.12.29"]
[EventType "swiss (blitz)"]
[EventRounds "17"]
[EventCountry "RUS"]
[SourceTitle "CBM 187 Extra"]
[Source "ChessBase"]
[SourceDate "2018.11.04"]
[SourceVersion "1"]
[SourceVersionDate "2018.11.04"]
[SourceQuality "1"]

1. c4 Nf6 2. Nc3 e6 3. e4 d6 4. g3 c5 5. Bg2 Be7 6. Nge2 0-0 7. 0-0 Nc6 8. d3 Nd4 9. Nxd4 cxd4 10. Ne2 e5 11. h3 Rb8 12. a4 a6 13. Bd2 b5 14. cxb5 axb5 15. a5 b4 16. f4 Ba6 17. Nc1 Rb5 18. Nb3 Nd7 19. Qe1 Nc5 20. Nxc5 dxc5 21. fxe5 Rxa5 22. Qe2 Bb5 23. Rxa5 Qxa5 24. h4 Qa6 25. Qg4 Bxd3 26. Rf2 Qg6 27. Qf3 c4 28. h5 Qe6 29. Bf4 h6 30. Kh2 b3 31. Bh3 Qc6 32. Bf5 Bc2 33. Bc1 c3 34. Qg4 Bg5 35. Bxg5 hxg5 36. e6 cxb2 37. h6 b1Q 38. hxg7 Qe1 39. exf7+ Rxf7 40. Bh7+ Kxg7 41. Qxg5+ Kf8 1-0

[Event "Wch Blitz (Women)"]
[Site "St Petersburg"]
[Date "2018.12.29"]
[Round "8"]
[White "Goltseva, Ekaterina"]
[Black "Vasilevich, Irina"]
[Result "1/2-1/2"]
[WhiteElo "2153"]
[BlackElo "2258"]
[PlyCount "130"]
[EventDate "2018.12.29"]
[EventType "swiss (blitz)"]
[EventRounds "17"]
[EventCountry "RUS"]
[SourceTitle "CBM 187 Extra"]
[Source "ChessBase"]
[SourceDate "2018.11.04"]
[SourceVersion "1"]
[SourceVersionDate "2018.11.04"]
[SourceQuality "1"]

1. d4 e6 2. c4 Bb4+ 3. Nd2 f5 4. g3 Nf6 5. Bg2 0-0 6. Ngf3 Bxd2+ 7. Bxd2 d6 8. 0-0 Ne4 9. Bc1 Nd7 10. Qc2 a5 11. Nd2 Nxd2 12. Bxd2 e5 13. dxe5 dxe5 14. Bc3 Qe7 15. Rad1 c6 16. b3 Nf6 17. Qb2 Re8 18. a3 f4 19. gxf4 exf4 20. Bxf6 Qxf6 21. Qxf6 gxf6 22. Bf3 Be6 23. Rd6 a4 24. b4 Bxc4 25. Rxf6 Bxe2 26. Bxe2 Rxe2 27. Rxf4 Kh8 28. Rd1 Rg8+ 29. Kf1 Rb2 30. Rf7 Rb3 31. Rdd7 Rh3 32. Rxb7 Rxh2 33. Ra7 Rd8 34. Ke2 Re8+ 35. Kd2 Rh6 36. Rxa4 Rd6+ 37. Kc3 h5 38. Ra5 Rh6 39. Rff5 h4 40. Rh5 Ree6 41. Rxh6+ Rxh6 42. Rg5 h3 43. Rg1 h2 44. Rh1 Kg7 45. a4 Kf6 46. Kc4 Ke6 47. Kc5 Kd7 48. f4 Rh5+ 49. Kb6 Rh4 50. b5 cxb5 51. axb5 Rh6+ 52. Ka5 Kc7 53. f5 Kb7 54. f6 Rh8 55. f7 Ra8+ 56. Kb4 Rh8 57. f8Q Rxf8 58. Rxh2 Rf4+ 59. Ka5 Rf5 60. Rh7+ Kb8 61. Rg7 Re5 62. Ka6 Re6+ 63. Ka5 Re5 64. Ka6 Re6+ 65. b6 Re8 1/2-1/2

[Event "Wch Blitz (Women)"]
[Site "St Petersburg"]
[Date "2018.12.29"]
[Round "3"]
[White "Vasilevich, Irina"]
[Black "Danielian, Elina"]
[Result "0-1"]
[WhiteElo "2258"]
[BlackElo "2427"]
[PlyCount "80"]
[EventDate "2018.12.29"]
[EventType "swiss (blitz)"]
[EventRounds "17"]
[EventCountry "RUS"]
[SourceTitle "CBM 187 Extra"]
[Source "ChessBase"]
[SourceDate "2018.11.04"]
[SourceVersion "1"]
[SourceVersionDate "2018.11.04"]
[SourceQuality "1"]

1. c4 e6 2. Nc3 b6 3. e4 Bb7 4. d3 g6 5. Nge2 Bg7 6. g3 Ne7 7. Bg2 0-0 8. 0-0 d6 9. Be3 h6 10. Qd2 Kh7 11. f4 c5 12. f5 exf5 13. exf5 Bxg2 14. fxg6+ fxg6 15. Kxg2 Nbc6 16. Rxf8 Qxf8 17. Nf4 Nf5 18. Re1 Re8 19. Ne4 Ne5 20. Bg1 Qf7 21. Rf1 Nxc4 22. dxc4 Rxe4 23. Qd3 Qxc4 24. Qxc4 Rxc4 25. Ne6 Rc2+ 26. Kh3 Bxb2 27. g4 Rc3+ 28. Kg2 Nh4+ 29. Kh1 Rf3 30. Rd1 Be5 31. Nd8 Ra3 32. Nc6 Nf3 33. Nxe5 dxe5 34. Rd7+ Kg8 35. Rd8+ Kf7 36. Rd7+ Ke6 37. Rg7 Kf6 38. Rd7 Rxa2 39. Be3 e4 40. Bxh6 Rxh2# 0-1

[Event "Wch Blitz (Women)"]
[Site "St Petersburg"]
[Date "2018.12.29"]
[Round "7"]
[White "Vasilevich, Irina"]
[Black "Kovanova, Baira"]
[Result "1/2-1/2"]
[WhiteElo "2258"]
[BlackElo "2352"]
[PlyCount "114"]
[EventDate "2018.12.29"]
[EventType "swiss (blitz)"]
[EventRounds "17"]
[EventCountry "RUS"]
[SourceTitle "CBM 187 Extra"]
[Source "ChessBase"]
[SourceDate "2018.11.04"]
[SourceVersion "1"]
[SourceVersionDate "2018.11.04"]
[SourceQuality "1"]

1. c4 e5 2. Nc3 Nf6 3. g3 Bc5 4. Bg2 a6 5. e3 d6 6. Nge2 0-0 7. 0-0 Ba7 8. b4 Nc6 9. Rb1 a5 10. b5 Ne7 11. Nd5 Nexd5 12. cxd5 Bf5 13. d3 e4 14. dxe4 Nxe4 15. Bb2 Qe7 16. Nd4 Bg6 17. Rc1 Rfe8 18. a4 Bb6 19. h3 Nc5 20. Rc3 Be4 21. Bxe4 Qxe4 22. Ne2 Nxa4 23. Rb3 Nxb2 24. Rxb2 a4 25. Nc3 Qe5 26. Rc2 a3 27. Kg2 Bc5 28. e4 a2 29. Nxa2 Qxe4+ 30. Kh2 Qf5 31. Nc3 Ra3 32. Ne2 Qf3 33. Nf4 Qxd1 34. Rxd1 Rb3 35. Nd3 Rxb5 36. Nxc5 dxc5 37. d6 cxd6 38. Rxd6 b6 39. Rcd2 h6 40. Rc6 Rb3 41. Kg2 Rb4 42. Rc7 c4 43. Rdd7 Rf8 44. Rd4 b5 45. Rb7 Rb3 46. Rd5 c3 47. Rbxb5 Rc8 48. Rbc5 Rxc5 49. Rxc5 Kf8 50. Rc7 Ke8 51. g4 Ra3 52. h4 Kf8 53. h5 Ke8 54. Kh2 Ra2 55. Kg3 Rc2 56. Kf3 Kf8 57. Ke3 Ke8 1/2-1/2

[Event "Wch Rapid (Women)"]
[Site "St Petersburg"]
[Date "2018.12.27"]
[Round "6"]
[White "Skripchenko, Almira"]
[Black "Vasilevich, Irina"]
[Result "0-1"]
[WhiteElo "2408"]
[BlackElo "2258"]
[PlyCount "122"]
[EventDate "2018.12.26"]
[EventType "swiss (rapid)"]
[EventRounds "12"]
[EventCountry "RUS"]
[SourceTitle "CBM 187 Extra"]
[Source "ChessBase"]
[SourceDate "2018.11.04"]
[SourceVersion "1"]
[SourceVersionDate "2018.11.04"]
[SourceQuality "1"]

1. Nf3 c5 2. g3 Nc6 3. Bg2 g6 4. 0-0 Bg7 5. c3 e5 6. d4 cxd4 7. cxd4 e4 8. Ne5 d5 9. Nxc6 bxc6 10. Nc3 Ne7 11. Na4 Nf5 12. e3 h5 13. h3 h4 14. g4 Nd6 15. Nc5 f5 16. f3 exf3 17. Bxf3 0-0 18. Bd2 fxg4 19. Bxg4 Rxf1+ 20. Kxf1 Ne4 21. Nxe4 dxe4 22. Kg2 Qg5 23. Rc1 Rb8 24. b3 Ba6 25. Rxc6 Bd3 26. Rc5 Qf6 27. Rc8+ Rxc8 28. Bxc8 Qc6 29. Bg4 Qc7 30. Be1 Bf6 31. Bf2 Kg7 32. Qd2 Qc6 33. Be2 Be7 34. Qb2 Qd5 35. Bg4 a5 36. Qc3 Kh6 37. Qc7 Qg5 38. Qc8 Qf6 39. Qa8 Bd6 40. Qxa5 Bg3 41. Qe1 Qa6 42. Bxg3 hxg3 43. a4 Qb6 44. Bd1 Qf6 45. Kxg3 Bf1 46. Bg4 Qd6+ 47. Kf2 Bd3 48. Kg2 Qa3 49. Qd1 Qb2+ 50. Kg3 Bc2 51. Qf1 Qxb3 52. Qf4+ Kh7 53. a5 Bd3 54. Kh4 Qb4 55. Qf7+ Kh6 56. Qf4+ Kh7 57. d5 Qxa5 58. Qf7+ Kh6 59. Qf8+ Kh7 60. Qe7+ Kh6 61. Qe5 Qe1+ 0-1

[Event "Wch Rapid (Women)"]
[Site "St Petersburg"]
[Date "2018.12.27"]
[Round "8"]
[White "Vasilevich, Irina"]
[Black "Mammadova, Gulnar Marfat Qizi"]
[Result "0-1"]
[WhiteElo "2258"]
[BlackElo "2368"]
[PlyCount "50"]
[EventDate "2018.12.26"]
[EventType "swiss (rapid)"]
[EventRounds "12"]
[EventCountry "RUS"]
[SourceTitle "CBM 187 Extra"]
[Source "ChessBase"]
[SourceDate "2018.11.04"]
[SourceVersion "1"]
[SourceVersionDate "2018.11.04"]
[SourceQuality "1"]

1. c4 e5 2. Nc3 Nc6 3. g3 g6 4. Bg2 Bg7 5. Rb1 f5 6. b4 Nf6 7. d3 0-0 8. b5 Ne7 9. Nf3 Nh5 10. Qb3 h6 11. h3 d6 12. c5+ d5 13. c6 bxc6 14. bxc6 Kh7 15. Ba3 d4 16. g4 Nf4 17. Kf1 dxc3 18. h4 Be6 19. Qxc3 Nxg2 20. Kxg2 fxg4 21. Nxe5 Qd5+ 22. e4 Bxe5 23. exd5 Bxd5+ 24. Kg1 Bxc3 25. Bxe7 Rf7 0-1

[Event "Wch Rapid (Women)"]
[Site "St Petersburg"]
[Date "2018.12.26"]
[Round "4"]
[White "Bodnaruk, Anastasia"]
[Black "Vasilevich, Irina"]
[Result "1-0"]
[WhiteElo "2420"]
[BlackElo "2258"]
[PlyCount "113"]
[EventDate "2018.12.26"]
[EventType "swiss (rapid)"]
[EventRounds "12"]
[EventCountry "RUS"]
[SourceTitle "CBM 187 Extra"]
[Source "ChessBase"]
[SourceDate "2018.11.04"]
[SourceVersion "1"]
[SourceVersionDate "2018.11.04"]
[SourceQuality "1"]

1. e4 c5 2. Nf3 e6 3. d4 cxd4 4. Nxd4 Nc6 5. Nc3 a6 6. Be2 Qc7 7. Be3 Nf6 8. 0-0 Bb4 9. Na4 Bd6 10. g3 b5 11. Nb6 Rb8 12. Nxc8 Rxc8 13. Nxc6 Qxc6 14. Bd3 Be5 15. c3 Nxe4 16. a4 0-0 17. axb5 axb5 18. Ra5 Rb8 19. Qe2 f5 20. Bxb5 Qc7 21. Ra7 Rb7 22. Rxb7 Qxb7 23. f3 Nd6 24. Ba6 Qc7 25. Bf2 Bf6 26. Rd1 Nf7 27. c4 f4 28. c5 fxg3 29. hxg3 Rb8 30. Rd2 Qc6 31. Bd3 Ne5 32. Be4 Qa4 33. Kg2 Nc4 34. Bc2 Qb4 35. Rxd7 Ne5 36. Rd1 Qc4 37. Qxc4 Nxc4 38. b3 Na3 39. Be4 Rxb3 40. c6 Nb5 41. Rd7 Rb2 42. Kf1 Be5 43. Rd8+ Kf7 44. Bxh7 g6 45. Bg8+ Kf6 46. Rd7 Rb1+ 47. Kg2 Bc7 48. f4 g5 49. fxg5+ Kxg5 50. Bxe6 Kf6 51. Bc4 Rb2 52. Kf3 Be5 53. Rb7 Nd6 54. Rxb2 Bxb2 55. c7 Ba3 56. Ba6 Ke7 57. c8Q 1-0

[Event "Wch Rapid (Women)"]
[Site "St Petersburg"]
[Date "2018.12.26"]
[Round "3"]
[White "Vasilevich, Irina"]
[Black "Shaydullina, Sandugach"]
[Result "1-0"]
[WhiteElo "2258"]
[BlackElo "2033"]
[PlyCount "119"]
[EventDate "2018.12.26"]
[EventType "swiss (rapid)"]
[EventRounds "12"]
[EventCountry "RUS"]
[SourceTitle "CBM 187 Extra"]
[Source "ChessBase"]
[SourceDate "2018.11.04"]
[SourceVersion "1"]
[SourceVersionDate "2018.11.04"]
[SourceQuality "1"]

1. c4 f5 2. Nc3 Nf6 3. g3 e6 4. Bg2 d5 5. cxd5 exd5 6. e3 c6 7. Nge2 Bd6 8. 0-0 0-0 9. Rb1 Qe7 10. a3 a5 11. Nd4 Ne4 12. Na4 Nd7 13. d3 Nec5 14. Nc3 a4 15. Qc2 Ne5 16. Rd1 Bd7 17. Nde2 Nb3 18. Nxa4 Nxc1 19. Rbxc1 Be8 20. d4 Ng4 21. Nc5 Bh5 22. Nf4 Be8 23. Qb3 b6 24. Qxb6 Rb8 25. Qa5 Rxb2 26. Rd2 Rb5 27. Qc3 Bxc5 28. dxc5 Ne5 29. a4 Rb8 30. Ra2 g5 31. Nd3 Nc4 32. Qd4 Bg6 33. a5 Qa7 34. a6 Rb3 35. f4 Re8 36. Re1 g4 37. Ne5 Nxe5 38. fxe5 Rb5 39. Rc1 Bf7 40. Bf1 Rbb8 41. Qf4 Bg6 42. Bd3 Kg7 43. Rf2 Qe7 44. Qa4 Qxe5 45. Re1 Qc3 46. Qd1 Qxc5 47. Qa1+ Kg8 48. Rc2 Qb6 49. Qc1 Re6 50. Rc5 Rbe8 51. Kf2 d4 52. Bc4 dxe3+ 53. Rxe3 Bf7 54. Bxe6 Bxe6 55. Rxc6 Qd4 56. Rcxe6 Rf8 57. Qc3 Qd5 58. Re7 Rf7 59. Rxf7 Kxf7 60. Qb3 1-0

[Event "RUS-chT blitz (Women)"]
[Site "Sochi"]
[Date "2018.10.10"]
[Round "3.3"]
[White "Vasilevich, Tatjana"]
[Black "Vasilevich, Irina"]
[Result "0-1"]
[WhiteElo "2360"]
[BlackElo "2258"]
[PlyCount "76"]
[EventDate "2018.10.10"]
[EventType "team-swiss (blitz)"]
[EventRounds "13"]
[EventCountry "RUS"]
[SourceTitle "CBM 186 Extra"]
[Source "ChessBase"]
[SourceDate "2018.08.24"]
[SourceVersion "1"]
[SourceVersionDate "2018.08.24"]
[SourceQuality "1"]
[WhiteTeam "Krym Kimmeriya (W)"]
[BlackTeam "Karpov Chess School (W)"]
[WhiteTeamCountry "RUS"]
[BlackTeamCountry "RUS"]

1. d4 e6 2. c4 b6 3. a3 Bb7 4. d5 Nf6 5. Nc3 e5 6. g3 h5 7. Bg2 h4 8. Nh3 d6 9. 0-0 Bc8 10. Ng5 Be7 11. e4 hxg3 12. hxg3 Bg4 13. f3 Bd7 14. Be3 Nh5 15. f4 Nxg3 16. Rf2 Bxg5 17. fxg5 Qe7 18. Qf3 Nh5 19. Raf1 f6 20. Nb5 Bxb5 21. cxb5 Nd7 22. g6 0-0-0 23. Bh3 Kb8 24. b4 Nf4 25. Bxd7 Rxd7 26. Bxf4 exf4 27. Qxf4 Rh5 28. Rg2 Re5 29. Re1 Rxd5 30. Rh2 Re5 31. Rh8+ Rd8 32. Qh4 Rg5+ 33. Kh1 Rxg6 34. e5 dxe5 35. Rxe5 Qd6 36. Reh5 Qd1+ 37. Kh2 Qg1+ 38. Kh3 Qg2# 0-1

[Event "RUS-ch blitz (Women)"]
[Site "Sochi"]
[Date "2018.10.07"]
[Round "14.4"]
[White "Vasilevich, Irina"]
[Black "Kashlinskaya, Alina"]
[Result "1/2-1/2"]
[WhiteElo "2258"]
[BlackElo "2447"]
[PlyCount "86"]
[EventDate "2018.10.07"]
[EventType "swiss (blitz)"]
[EventRounds "20"]
[EventCountry "RUS"]
[SourceTitle "CBM 186 Extra"]
[Source "ChessBase"]
[SourceDate "2018.08.24"]
[SourceVersion "1"]
[SourceVersionDate "2018.08.24"]
[SourceQuality "1"]

1. c4 Nf6 2. Nc3 e5 3. g3 Bb4 4. Nd5 Nxd5 5. cxd5 0-0 6. Bg2 d6 7. a3 Bc5 8. b4 Bb6 9. e3 f5 10. Ne2 g5 11. h4 g4 12. Qc2 Nd7 13. Bb2 Nf6 14. d4 e4 15. Nf4 Qe7 16. Bf1 Bd7 17. a4 a5 18. b5 Be8 19. Bc4 Bf7 20. Qb3 Rfd8 21. Rc1 Kh8 22. 0-0 Nh5 23. Nxh5 Bxh5 24. Rc2 Rg8 25. Rfc1 Rg7 26. Be2 Bf7 27. Ba3 Bg8 28. Bc4 Re8 29. Bb2 Qf6 30. Re1 Rg6 31. Kf1 Rh6 32. Ke2 Rg6 33. Kf1 Rg7 34. Kg1 Qe7 35. Bc3 Qf6 36. Rcc1 Qf8 37. Qb2 Bf7 38. Qd2 Ra8 39. Qa2 Qg8 40. Bd2 Qf8 41. Rc2 Qg8 42. Rec1 Qd8 43. Re1 Qg8 1/2-1/2

[Event "RUS-ch blitz (Women)"]
[Site "Sochi"]
[Date "2018.10.07"]
[Round "11.9"]
[White "Vasilevich, Irina"]
[Black "Protopopova, Anastasiya"]
[Result "1-0"]
[WhiteElo "2258"]
[BlackElo "2308"]
[PlyCount "85"]
[EventDate "2018.10.07"]
[EventType "swiss (blitz)"]
[EventRounds "20"]
[EventCountry "RUS"]
[SourceTitle "CBM 186 Extra"]
[Source "ChessBase"]
[SourceDate "2018.08.24"]
[SourceVersion "1"]
[SourceVersionDate "2018.08.24"]
[SourceQuality "1"]

1. b3 d5 2. Bb2 Bf5 3. d3 e6 4. e3 Nf6 5. Be2 Bd6 6. Nd2 0-0 7. g4 Bg6 8. h4 h6 9. g5 hxg5 10. hxg5 Nh7 11. f4 Re8 12. Bh5 Nf8 13. Bxg6 fxg6 14. Ngf3 Nbd7 15. Qe2 e5 16. Qh2 Qe7 17. 0-0-0 Ba3 18. fxe5 Bxb2+ 19. Kxb2 Nxe5 20. Rdf1 Nf7 21. e4 a5 22. exd5 a4 23. Re1 Qb4 24. c3 Qc5 25. Rxe8 Rxe8 26. d4 Qxd5 27. Ne5 Nxe5 28. Qh8+ Kf7 29. Rf1+ Ke7 30. Qxg7+ Kd8 31. Rxf8 Nd3+ 32. Kc2 Ne1+ 33. Kd1 Nd3 34. Rxe8+ Kxe8 35. Qxg6+ Kd7 36. Qxd3 axb3 37. axb3 Qh1+ 38. Kc2 Qg1 39. Qf5+ Kd8 40. Qf6+ Kc8 41. g6 b5 42. g7 Kb7 43. Qf7 1-0

[Event "Moscow op-B (Women) 13th"]
[Site "Moscow"]
[Date "2017.02.05"]
[Round "9"]
[White "Vasilevich, Irina"]
[Black "Nechaeva, Marina"]
[Result "1/2-1/2"]
[WhiteElo "2285"]
[BlackElo "2406"]
[PlyCount "83"]
[EventDate "2017.01.28"]
[EventType "swiss"]
[EventRounds "9"]
[EventCountry "RUS"]
[SourceTitle "CBM 176 Extra"]
[Source "ChessBase"]
[SourceDate "2017.03.02"]
[SourceVersion "1"]
[SourceVersionDate "2017.03.02"]
[SourceQuality "1"]

1. d4 d5 2. Nf3 Nf6 3. Bf4 c5 4. dxc5 e6 5. e3 Bxc5 6. Be2 Nc6 7. 0-0 0-0 8. c4 h6 9. Nc3 a6 10. Rc1 Ba7 11. cxd5 exd5 12. Nd4 Qe7 13. Bf3 Rd8 14. Nce2 Ne5 15. Qc2 Nxf3+ 16. Nxf3 Bg4 17. Qc7 Rd7 18. Qe5 Qd8 19. Rc7 Bb8 20. Rxd7 Qxd7 21. Qd4 Bxf3 22. gxf3 Ba7 23. Qd3 Qh3 24. Ng3 Rc8 25. Be5 Qe6 26. Bc3 g6 27. Rd1 h5 28. Bxf6 Qxf6 29. Qxd5 Qxb2 30. Qg5 Rc1 31. Rxc1 Qxc1+ 32. Kg2 Qc5 33. Qd8+ Kg7 34. Ne4 Qe5 35. Nd6 Bc5 36. Nxb7 Bxe3 37. fxe3 Qb2+ 38. Kg3 Qxb7 39. Qd4+ f6 40. a4 Qc7+ 41. Kg2 a5 42. Qe4 1/2-1/2